01286nam a2200301 u 4500001000500000005001700005008004100022035000900063040001300072041000800085080000600093082000800099100004700107245011000154260004300264300001300307650004200320650003900362650002800401650005700429700004100486700004400527942001000571999001500581500013400596952012700730952012700857182020260428103546.0950505s1995 ||||||m| spa  a1820 ccomduadb aspa aD 4a33310aSanchez C., Luis Alfonso4auteaut924148010aExternalidades : producción cafetera y contaminación de las aguas en el municipio de Anserma (Caldas) aMedellín :b[sin publicador],c1995. a61 hojas 7aContaminación del agua2lemb937686 aExternalidades (Economía)934124 aAnserma (Caldas)940428 aContaminación ambiental - Anserma (Caldas)918103610aTabares P., Daniel4auteaut947165210aVillegas, Luis Carlos4auteaut9239857 cTESIS c1470d1470 aTesis (Especialista en Politica Economica) Universidad de Antioquia Facultad de Ciencias Economicas - Título del grado otorgado 001040708TESISBCaBCbBCd1998-05-14iC2228l0o333.14 S211ep61000002261143r2023-04-20 00:00:00t1w2023-04-20yTESIS 001040708GENERALaCIEbCIEd2009-07-02iC1054482l0oD/25267p61000004397312r2023-04-20 00:00:00t2w2023-04-20yTESIS